000 00594nam a2200217 i 4500
001 bg
100 1 _aKRUK, Stanisław
245 1 0 _aProgramowanie w języku Assembler /
_cStanisław Kruk.
260 _aWarszawa :
_bPLJ,
_c1993.
300 _a506 s. :
_brys. ;
_c24 cm +
_edysk.
650 9 _aASSEMBLER
655 _aPodręczniki
020 _a8385190899
040 _cBPK
041 0 _apl
080 _a004.438(07)A/Z
920 _a83-85190-89-9
942 _cKS
008 s pl f |000 0 pol
999 _c40054
_d40054
856 _uhttp://koha.tu.koszalin.pl/cgi-bin/koha/opac-detail.pl?biblionumber=40054
_yKatalog online BPK